000 00909nam a22002657a 4500
001 BR8704227
003 BR-BrBNA
005 20230928092656.0
007 ta
008 230509b bl.||||| |||| 00| 0 por d
040 _aBR-BrBNA
_bpor
_cBiblioteca Nacional de Agricultura
041 _a(Por)
072 _aE11
090 _ E11 BR8704227
110 1 _aInstituto Nacional de Colonizacao e Reforma Agraria, Belo Horizonte, MG (Brasil). Coordenadoria Regional de Minas Gerais
_96406
245 1 _aRelatorio global [Instituto Nacional de Colonizacao e Reforma Agraria, Minas Gerais]
260 3 _aBelo Horizonte, MG (Brasil):
_c1982.
300 _a47 p.
500 _a(*) Documento disponível no(a) INCRA, Belo Horizonte, MG (Brazil)
650 _aASSISTENCIA TECNICA
650 _aESTRUTURA AGRARIA
650 _aPROJETO DE DESENVOLVIMENTO
909 _a202309
_bLucia
_c55
_dLucia Elande
942 _cBK
999 _c40535
_d40535